Asian Football Confederation Members - Statistics

General Stats
  • This quiz has been taken 36 times
  • The average score is 38 of 47
Answer Stats
Country % Correct
China
97%
South Korea
97%
Iran
93%
Saudi Arabia
93%
India
90%
Indonesia
90%
Iraq
90%
Myanmar
90%
North Korea
90%
Oman
90%
Singapore
90%
Japan
87%
Malaysia
87%
Qatar
87%
Tajikistan
87%
United Arab Emirates
87%
Afghanistan
83%
Brunei
83%
Laos
83%
Pakistan
83%
Thailand
83%
Turkmenistan
83%
Uzbekistan
83%
Vietnam
83%
Bahrain
80%
Bhutan
80%
Chinese Taipei
80%
Kuwait
80%
Lebanon
80%
Sri Lanka
80%
Syria
80%
Australia
77%
East Timor
77%
Jordan
77%
Kyrgyzstan
77%
Mongolia
77%
Nepal
77%
Yemen
77%
Bangladesh
73%
Philippines
73%
Cambodia
70%
Maldives
67%
Macau
63%
Hong Kong
60%
Palestine
53%
Guam
43%
Northern Mariana Islands
40%
No matching quizzes found
Score Distribution
Percent of People with Each Score
Percentile by Number Answered
Your Score History
You have not taken this quiz